Miasta Polski powyżej 60 tysięcy mieszkańców na mapie - Statystyki

Ogólne statystyki
  • Ten quiz został rozwiązany 186 razy
  • Średni wynik to 49 z 64
Odpowiedzi na mapie
Odpowiedzi zakodowano w zielono-czerwonej skali na mapie do tego quizu, zgodnie z poniższymi procentami.
 
Statystyki odpowiedzi
Województwo Odpowiedź % Poprawnych
Pomorskie Gdańsk 490k
99%
Pomorskie Gdynia 240k
99%
Zachodnio-pomorskie Szczecin 390k
98%
Mazowieckie Warszawa 1,8 mln
96%
Wielkopolskie Poznań 540k
95%
Małopolskie Kraków 800k
94%
Dolnośląsie Wrocław 670k
94%
Warmińsko-Mazurskie Olsztyn 170k
93%
Kujawsko-Pomorskie Bydgoszcz 320k
92%
Lubuskie Zielona Góra 140k
92%
Podlaskie Białystok 290k
90%
Łódzkie Łódź 650k
89%
lubelskie Lublin 330k
89%
Kujawsko-pomorskie Toruń 195k
89%
Zachodnio-Pomorskie Koszalin 105k
88%
Podlaskie Suwałki 70k
88%
Warmińsko-Mazurskie Elbląg 110k
87%
Opolskie Opole 125k
87%
Pomorskie Słupsk 85k
87%
Śląskie Katowice 280k
86%
Świętokrzyskie Kielce 180k
86%
Lubuskie Gorzów Wielkopolski 115k
84%
Mazowieckie Radom 195k
84%
Podkarpackie Rzeszów 195k
84%
Śląskie Częstochowa 205k
82%
Wielkopolskie Kalisz 90k
81%
Małopolskie Tarnów 100k
80%
Małopolskie Nowy Sącz 80k
77%
Kujawsko-Pomorskie Włocławek 100k
77%
Śląskie Bielsko-biała 165k
76%
Śląskie Gliwice 170k
76%
Kujawsko-pomorskie Inowrocław 70k
76%
Wielkopolskie Konin 65k
76%
Śląskie Sosnowiec 190k
75%
Dolnośląskie Legnica 90k
73%
Wielkopolskie Piła 70k
73%
Mazowieckie Płock 110k
73%
Śląskie Tychy 120k
73%
Mazowieckie Siedlce 75k
72%
Mazowieckie Pruszków 65k
71%
Zachodniopomorskie Stargard 65k
71%
Dolnośląskie Wałbrzych 100k
71%
Wielkopolskie Gniezno 65k
70%
Kujawsko-Pomorskie Grudziądz 90k
70%
Dolnośląskie Jelenia Góra 75k
70%
Dolnośląskie Lubin 70k
69%
Łódzkie Piotrków Trybunalski 65k
67%
Śląskie Rybnik 130k
67%
Śląskie Bytom 145k
66%
Śląskie Dąbrowa Górnicza 110k
66%
Śląskie Chorzów 100k
65%
Świętokrzyskie Ostrowiec Świętokrzyski 60k
65%
Śląskie Ruda Śląska 130k
65%
Śląskie Zabrze 155k
65%
Wielkopolskie Leszno 60k
64%
Łódzkie Pabianice 60k
64%
Dolnośląskie Głogów 60k
63%
Śląskie Jastrzębie-Zdrój 80k
58%
Wielkopolskie Ostrów Wielkopolski 70k
58%
Śląskie Jaworzno 85k
54%
Śląskie Mysłowice 70k
48%
Śląskie Tarnowskie Góry 60k
45%
Śląskie Żory 60k
43%
Śląskie Siemianowice Śląskie 65k
42%
Nie znaleziono quizów pasujących do podanych kryteriów
Rozkład punktacji
Procent ludzi z każdym wynikiem
Percentyl według liczby udzielonych odpowiedzi
Twoja historia wyników
Nie rozwiązałeś tego quizu